Culture Générale - Série 278 - Statistiques

Statistiques générales
  • Ce quiz a été pris 318 fois
  • Le résultat moyen est 8 sur 10
Statistiques - réponses
Question Réponse % Correct
Combien de jours de la semaine s'écrivent avec 8 lettres ? 3
95%
Selon l'expression, de quelle couleur sont les pieds des anciens Français d'Algérie ? Noirs
95%
Dans quelle mer la Somme se jette-t-elle ? La Manche
87%
Dans quel art Richard Strauss s'est-il illustré ? La musique
87%
Qu'était Bucéphale pour Alexandre le Grand ? Son cheval
84%
A quel mode le verbe savoir est-il conjugué dans l'expression "Nous saurions" ? Conditionnel
68%
Quel animal porte un nom signifiant littéralement : "cheval courbé" ? L'hippocampe
66%
En géométrie, quel adjectif qualifie un angle qui mesure entre 90 et 180 degrés ? Obtus
66%
Qui chante "Salma Ya Salama" en 1978 ? Dalida
56%
Où a lieu la fête selon le titre de la chanson des Musclés en 1988 ? Au village
47%
Aucun quiz correspondant
Distribution des résultats
% des personnes avec chaque résultat
Percentile par nombre de réponses
Votre historique - résultats
Vous n’avez pas pris ce quiz